O zdraví zdravý životný štýl

Bibliographic Details
Main Author: Liba, Jozef, 1963- (Author)
Format: Book
Language:Slovak
PhysicalDescription:90 s. sch., tab. 21 cm
Published: Prešov Prešovská univerzita 1999
ISBN:8088722454
Subjects:

MARC

LEADER 00000nam a2200000 a 4500
001 vtls001366773
003 SK-MaSNL
005 20260301070807.0
008 240315s1999 xo ap r 0yy slo
015 |a SNBA1999/09-03295 
020 |a 8088722454 
035 |a SNK000320455 
035 |a urn:nbn:sk:snk-amkjps 
035 |a urn:nbn:sk:snk-am003b6x 
035 |a CDB1C242-8A6E-4A82-AA2B-94807D67C76E 
040 |a SNK  |b slo  |c SNK  |e AACR2 
041 0 |a slo 
044 |a xo  |c SK 
080 |a 613(035)  |2 1981 
100 1 |a Liba, Jozef,  |d 1963-  |4 aut  |9 134146 
245 1 0 |a O zdraví  |b zdravý životný štýl  |c Jozef Liba 
260 |a Prešov  |b Prešovská univerzita  |c 1999 
300 |a 90 s.  |b sch., tab.  |c 21 cm 
500 |a 200 výt. 
504 |a Bibliogr. 84-88. Zoz. obr. a tab. 
650 0 7 |a zdravie  |x príručky  |2 SNK  |9 385615 
655 7 |a príručky  |2 SNK  |9 74364 
919 |a 80-88722-45-4 
958 |a TL 
958 |a NB 
999 |c 635513  |d 637443 
952 |t P60, <03>, [BOOK], {603}  |a SNK  |b SNK  |y PREZ  |7 0  |p 17A0198893  |o snkSC 99117  |i snkKSP 7281/99  |0 0  |1 0  |4 0  |d 1999-07-01  |f 1  |l 0  |r 2025-09-18 00:00:00  |w 2026-02-23 
952 |t P60, <04>, [BOOK], {604}  |a SNK  |b SNK  |y VYP  |7 0  |p 17A0198894  |o snkSC 99117 D1  |i snkKSP 7282/99  |0 0  |1 0  |4 0  |d 1999-07-01  |l 0  |r 2005-01-02 00:00:00  |w 2026-02-23